Režimy menových kurzov na Slovensku a v nových členských krajinách EÚ
Typy režimov menových kurzov. Vývoj kurzovej politiky v nových členských krajinách EÚ. Rozdiely v klasifikáciách de facto a de iure. Pravdepodobnostné odhady optimálnych režimov menového kurzu. Pravdepodobnostné modely a ich odhady. Výsledky pre vybrané krajiny.
Salvato in:
| Autore principale: | |
|---|---|
| Altri autori: | |
| Natura: | Capitolo di libro |
| Lingua: | slovacco |
| Soggetti: | |
| Tags: |
Nessun Tag, puoi essere il primo ad aggiungerne!!
|
MARC
| LEADER | 00000naa$a2200000$$$4500 | ||
|---|---|---|---|
| 001 | 0041594 | ||
| 005 | 20231010105930.1 | ||
| 041 | 0 | |a slo | |
| 044 | |a CZ | ||
| 245 | 1 | 0 | |a Režimy menových kurzov na Slovensku a v nových členských krajinách EÚ |c Jarko Fidrmuc, Matúš Senaj |
| 520 | |a Typy režimov menových kurzov. Vývoj kurzovej politiky v nových členských krajinách EÚ. Rozdiely v klasifikáciách de facto a de iure. Pravdepodobnostné odhady optimálnych režimov menového kurzu. Pravdepodobnostné modely a ich odhady. Výsledky pre vybrané krajiny. | ||
| 610 | 2 | 0 | |a kurz menový |
| 610 | 2 | 0 | |a Slovensko |
| 610 | 2 | 0 | |a Európska únia |
| 610 | 2 | 0 | |a teória zón menových optimálnych |
| 610 | 2 | 0 | |a politika menová |
| 610 | 2 | 0 | |a ERM |
| 610 | 2 | 0 | |a kurz výmenný pevný |
| 610 | 2 | 0 | |a kurz výmenný pohyblivý |
| 610 | 2 | 0 | |a pravdepodobnosť |
| 610 | 2 | 0 | |a modely |
| 610 | 2 | 0 | |a odhady |
| 610 | 2 | 0 | |a klasifikácia |
| 100 | 1 | |a Fidrmuc, Jaroslav | |
| 700 | 1 | |a Senaj, Matúš | |